| 000 | 00955nam a22003257a 4500 | ||
|---|---|---|---|
| 001 | BR2018000014 | ||
| 003 | BR-BrBNA | ||
| 005 | 20250203110746.0 | ||
| 007 | ta | ||
| 008 | 230509b bl.||||| |||| 00| 0 por d | ||
| 040 |
_aBR-BrBNA _bpor _cBiblioteca Nacional de Agricultura |
||
| 041 | _a(Por) | ||
| 072 | _aF40 | ||
| 100 | 1 | _aAlmeida, J.A.F. de | |
| 100 | 1 | _aReis, J.R. de M. | |
| 100 | 1 | _aLôpo, C.N.F. | |
| 100 | 1 | _aOliveira, A. dos S. | |
| 100 | 1 | _aFourneau, H.L. | |
| 110 | 1 |
_aComissão Executiva do Plano da Lavoura Cacaueira, Ilhéus, BA (Brasil) _92106 |
|
| 245 | 1 | _aAgroecologia | |
| 260 | 3 |
_aIlhéus, BA (Brasil): _c2012. |
|
| 300 | _a44 p. | ||
| 500 | _a13 ref.; 30 illus. | ||
| 650 | _aECOLOGIA VEGETAL | ||
| 650 | _aECOSSISTEMA | ||
| 650 | _aBIODIVERSIDADE | ||
| 650 | _aAGROSSILVICULTURA | ||
| 856 | _uhttps://repositorio-dspace.agricultura.gov.br/bitstream/1/399/1/agroecologia-2012%20%281%29.pdf | ||
| 942 |
_cBK _2AGRIS |
||
| 999 |
_c84034 _d84034 |
||